Prabandhan Indian Journal of Management (Record no. 9698)

MARC details
000 -LEADER
fixed length control field 00527nam a22001217a 4500
003 - CONTROL NUMBER IDENTIFIER
control field OSt
008 - FIXED-LENGTH DATA ELEMENTS--GENERAL INFORMATION
fixed length control field 201211b ||||| |||| 00| 0 eng d
245 ## - TITLE STATEMENT
Title Prabandhan Indian Journal of Management
250 ## - EDITION STATEMENT
Edition statement 2017(Jan Vol.10 No.1, Feb Vol.10 No.2, Mar Vol.10 No.3, Apr Vol.10 No.4, May Vol.10 No.5, Jun Vol.10 No.6, Jul Vol.10 No.7, Aug Vol.10 No.8, Sep Vol.10 No.9, Oct Vol.10 No.10, Nov Vol.10 No.11, Dec Vol.10 No.12)
260 ## - PUBLICATION, DISTRIBUTION, ETC. (IMPRINT)
Place of publication, distribution, etc New Delhi
Name of publisher, distributor, etc Associated Management Consultant Pvt. Ltd.
650 ## - SUBJECT ADDED ENTRY--TOPICAL TERM
Topical term or geographic name as entry element Management
942 ## - ADDED ENTRY ELEMENTS (KOHA)
Source of classification or shelving scheme Dewey Decimal Classification
Koha item type BOUND VOLUME
Holdings
Withdrawn status Lost status Source of classification or shelving scheme Materials specified (bound volume or other part) Damaged status Not for loan Collection code Home library Current library Date acquired Source of acquisition Serial Enumeration / chronologySerial Enumeration / Volume No. Total Checkouts Acc. no. / Barcode Date last seen Bill Date Koha item type
    Dewey Decimal Classification Bound Volume   Not For Loan MBA PIET C-LIBRARY PIET C-LIBRARY 11/12/2020 Associated Management Consultant Pvt. Ltd. 2017(Jan Vol.10 No.1, Feb Vol.10 No.2, Mar Vol.10 No.3, Apr Vol.10 No.4, May Vol.10 No.5, Jun Vol.10 No.6, Jul Vol.10 No.7, Aug Vol.10 No.8, Sep Vol.10 No.9, Oct Vol.10 No.10, Nov Vol.10 No.11, Dec Vol.10 No.12)   BV404 11/12/2020 03/01/2017 BOUND VOLUME

Design & Developed by: PIET Central Library
R70 Miles Stone Pattikalyana Samalkha Panipat 132102
mail ID :- [email protected], Phone No:- 0180-2569700 Ex.216